Transferencia de tecnología
Uloženo v:
| Hlavní autor: | |
|---|---|
| Další autoři: | |
| Médium: | Kniha |
| Vydáno: |
[San José , Costa Rica]
1974
|
| Tagy: |
Přidat tag
Žádné tagy, Buďte první, kdo vytvoří štítek k tomuto záznamu!
|
MARC
| LEADER | 00000nam a2200000Ia 4500 | ||
|---|---|---|---|
| 003 | PIE113 | ||
| 005 | 20231113114150.0 | ||
| 008 | 140116s1972 c a m 000 ||s d | ||
| 040 | |c cru CEDI | ||
| 090 | |a PIE 113 | ||
| 100 | |a Sáenz, Luis Bernardo |9 15015 | ||
| 245 | |a Transferencia de tecnología | ||
| 260 | |a [San José , Costa Rica] |c 1974 | ||
| 300 | |a 28,[2] hojas | ||
| 500 | |a A la Cabeza de la portada. Universidad de Costa Rica. Facultad de Ingeniería. Escuela de Ingeniería Eléctrica | ||
| 501 | |a Profesor Guía: Ing. Saúl Ruiz B | ||
| 700 | |a Ruiz B, Saúl |d Director de Proyecto Eléctrico |9 1751 | ||
| 942 | |c PIE |h PIE-113 |i PIE113 |6 PIE_113_PIE113 | ||
| 999 | |c 21367 |d 21367 | ||
